<?xml version="1.0" encoding="UTF-8"?>
<record
    xmlns:xsi="http://www.w3.org/2001/XMLSchema-instance"
    xsi:schemaLocation="http://www.loc.gov/MARC21/slim http://www.loc.gov/standards/marcxml/schema/MARC21slim.xsd"
    xmlns="http://www.loc.gov/MARC21/slim">

  <leader>04036cam a2200625 i 4500</leader>
  <controlfield tag="001">0008110166</controlfield>
  <controlfield tag="003">OSt</controlfield>
  <controlfield tag="005">20260627093235.0</controlfield>
  <controlfield tag="007">ta</controlfield>
  <controlfield tag="008">250930s2026    fr            000 f fre d</controlfield>
  <datafield tag="020" ind1=" " ind2=" ">
    <subfield code="a">9782824626338</subfield>
    <subfield code="q">(broch&#xEF;&#xBF;&#xBD;)</subfield>
  </datafield>
  <datafield tag="024" ind1="3" ind2=" ">
    <subfield code="a">9782824626338</subfield>
  </datafield>
  <datafield tag="040" ind1=" " ind2=" ">
    <subfield code="a">BTLF</subfield>
    <subfield code="b">fre</subfield>
    <subfield code="e">rda</subfield>
    <subfield code="c">BTLF</subfield>
    <subfield code="d">SQTD</subfield>
    <subfield code="d">SDM</subfield>
    <subfield code="d">SQTD</subfield>
    <subfield code="d">QMBND</subfield>
  </datafield>
  <datafield tag="041" ind1="1" ind2=" ">
    <subfield code="a">fre</subfield>
    <subfield code="h">eng</subfield>
  </datafield>
  <datafield tag="050" ind1=" " ind2=" ">
    <subfield code="a">M 1431loc</subfield>
  </datafield>
  <datafield tag="082" ind1="0" ind2="5">
    <subfield code="a">818.6</subfield>
    <subfield code="b">M1431L</subfield>
    <subfield code="2">23/fre/202602</subfield>
  </datafield>
  <datafield tag="082" ind1="0" ind2="5">
    <subfield code="a">813.54</subfield>
    <subfield code="b">M1431L</subfield>
    <subfield code="2">23/fre/202602</subfield>
  </datafield>
  <datafield tag="091" ind1="0" ind2=" ">
    <subfield code="a">McFadden</subfield>
  </datafield>
  <datafield tag="100" ind1="1" ind2=" ">
    <subfield code="a">McFadden, Freida</subfield>
    <subfield code="e">auteur</subfield>
  </datafield>
  <datafield tag="240" ind1="1" ind2="0">
    <subfield code="a">Tenant.</subfield>
    <subfield code="l">Fran&#xEF;&#xBF;&#xBD;ais</subfield>
  </datafield>
  <datafield tag="245" ind1="1" ind2="3">
    <subfield code="a">La locataire /</subfield>
    <subfield code="c">Freida McFadden ; traduit de l'anglais par Karine Xaragai.</subfield>
  </datafield>
  <datafield tag="264" ind1=" " ind2="1">
    <subfield code="a">Bernay :</subfield>
    <subfield code="b">City,</subfield>
    <subfield code="c">[2026]</subfield>
  </datafield>
  <datafield tag="264" ind1=" " ind2="4">
    <subfield code="c">&#xEF;&#xBF;&#xBD;2026</subfield>
  </datafield>
  <datafield tag="300" ind1=" " ind2=" ">
    <subfield code="a">392 pages ;</subfield>
    <subfield code="c">23 cm</subfield>
  </datafield>
  <datafield tag="336" ind1=" " ind2=" ">
    <subfield code="a">texte</subfield>
    <subfield code="b">txt</subfield>
    <subfield code="2">rdacontent</subfield>
  </datafield>
  <datafield tag="337" ind1=" " ind2=" ">
    <subfield code="a">sans m&#xEF;&#xBF;&#xBD;diation</subfield>
    <subfield code="b">n</subfield>
    <subfield code="2">rdamedia</subfield>
  </datafield>
  <datafield tag="338" ind1=" " ind2=" ">
    <subfield code="a">volume</subfield>
    <subfield code="b">nc</subfield>
    <subfield code="2">rdacarrier</subfield>
  </datafield>
  <datafield tag="500" ind1=" " ind2=" ">
    <subfield code="a">"Roman".</subfield>
  </datafield>
  <datafield tag="500" ind1=" " ind2=" ">
    <subfield code="a">La couverture porte en plus : "Si vous avez des secrets, ne laissez personne entrer chez vous...".</subfield>
  </datafield>
  <datafield tag="520" ind1=" " ind2=" ">
    <subfield code="a">&#xAB; Il faut que je nettoie cette tache sur le parquet du salon... Une tache de sang, j'en suis pratiquement s&#xFB;r, maintenant... &#xBB; . Rien ne va plus pour Blake. Licenci&#xE9; brutalement, il n'arrive plus &#xE0; payer le pr&#xEA;t immobilier de la nouvelle maison qu'il partage avec sa fianc&#xE9;e. La solution ? Prendre une locataire pour les aider &#xE0; payer les frais de la maison. Et Whitney correspond exactement &#xE0; ce que le jeune couple recherche. Elle est sympathique, charmante, s&#xE9;rieuse. La locataire parfaite. En apparence. Rapidement, quelque chose cloche. Une odeur putride impr&#xE8;gne la maison et des bruits &#xE9;tranges r&#xE9;veillent Blake au milieu de la nuit. Et bient&#xF4;t, il commence &#xE0; redouter que quelqu'un d&#xE9;couvre ses secrets les plus sombres. Le danger a p&#xE9;n&#xE9;tr&#xE9; dans sa maison, et lorsqu'il s'en rend compte, il est bien trop tard : le pi&#xE8;ge est sur le point de se refermer.... Addictif et machiav&#xE9;lique : le nouveau thriller de l'auteure de la femme de m&#xE9;nage. .</subfield>
  </datafield>
  <datafield tag="650" ind1=" " ind2="6">
    <subfield code="a">Psychopathes</subfield>
    <subfield code="v">Romans, nouvelles, etc.</subfield>
  </datafield>
  <datafield tag="650" ind1=" " ind2="6">
    <subfield code="a">Locateurs et locataires</subfield>
    <subfield code="v">Romans, nouvelles, etc.</subfield>
  </datafield>
  <datafield tag="650" ind1=" " ind2="6">
    <subfield code="a">Tromperie</subfield>
    <subfield code="v">Romans, nouvelles, etc.</subfield>
  </datafield>
  <datafield tag="650" ind1=" " ind2="6">
    <subfield code="a">Secret</subfield>
    <subfield code="v">Romans, nouvelles, etc.</subfield>
  </datafield>
  <datafield tag="650" ind1=" " ind2="6">
    <subfield code="a">&#xEF;&#xBF;&#xBD;v&#xEF;&#xBF;&#xBD;nements stressants de la vie</subfield>
    <subfield code="v">Romans, nouvelles, etc.</subfield>
  </datafield>
  <datafield tag="651" ind1=" " ind2="6">
    <subfield code="a">New York (N.Y.)</subfield>
    <subfield code="v">Romans, nouvelles, etc.</subfield>
  </datafield>
  <datafield tag="655" ind1=" " ind2="7">
    <subfield code="a">Romans &#xEF;&#xBF;&#xBD; suspense</subfield>
    <subfield code="2">rvmgf</subfield>
  </datafield>
  <datafield tag="655" ind1=" " ind2="7">
    <subfield code="a">Romans psychologiques</subfield>
    <subfield code="2">rvmgf</subfield>
  </datafield>
  <datafield tag="655" ind1=" " ind2="7">
    <subfield code="a">Romans am&#xEF;&#xBF;&#xBD;ricains</subfield>
    <subfield code="y">21e si&#xEF;&#xBF;&#xBD;cle</subfield>
    <subfield code="2">local</subfield>
  </datafield>
  <datafield tag="700" ind1="1" ind2=" ">
    <subfield code="a">Xaragai, Karine</subfield>
    <subfield code="e">traducteur</subfield>
  </datafield>
  <datafield tag="700" ind1="1" ind2=" ">
    <subfield code="i">Traduction de :</subfield>
    <subfield code="a">McFadden, Freida</subfield>
    <subfield code="t">Tenant</subfield>
  </datafield>
  <datafield tag="942" ind1=" " ind2=" ">
    <subfield code="2">ddc</subfield>
    <subfield code="c">ROM ADULTE</subfield>
  </datafield>
  <datafield tag="999" ind1=" " ind2=" ">
    <subfield code="c">18905</subfield>
    <subfield code="d">18905</subfield>
  </datafield>
  <datafield tag="952" ind1=" " ind2=" ">
    <subfield code="0">0</subfield>
    <subfield code="1">0</subfield>
    <subfield code="2">ddc</subfield>
    <subfield code="4">0</subfield>
    <subfield code="7">0</subfield>
    <subfield code="a">HENRYVILLE</subfield>
    <subfield code="b">HENRYVILLE</subfield>
    <subfield code="d">2026-06-27</subfield>
    <subfield code="l">0</subfield>
    <subfield code="o">M 1431loc</subfield>
    <subfield code="p">30001030039285</subfield>
    <subfield code="r">2026-06-27 09:33:27</subfield>
    <subfield code="w">2026-06-27</subfield>
    <subfield code="y">ROM ADULTE</subfield>
  </datafield>
</record>
